000 00989nam a2200265Ia 4500
003 OSt
005 20220923213021.0
006 a|||||r|||| 00| 0
007 ta
008 220922b |||||||| |||| 00| 0 hin d
024 _a158,357
037 _cTextual
040 _aARTS
_cARTS
_bhin
041 _2hin
_ahin
082 _aO152,1xN3, K8;M2
100 _aराव, बालकृष्ण, संपा.
245 0 _aहिन्दी काव्य संग्रह
_b आदिकाल से छायावाद युग तक
246 _aHindī kāvya sangraha: ādikāl se chhāyāvād yug taka
250 _aसंस्क 2
260 _aनई दिल्ली
_b साहित्य अकादेमी
_c1982
300 _a442 पृ.
_ccm.
650 _aहिन्दी साहित्य
_9156264
942 _hO152,1xN3, K8;M2
_cTEXL
_2CC
999 _c313156
_d313156